[Event "105th British-ch 2018"]
[Site "Hull"]
[Date "2018.08.02"]
[Round "6"]
[White "Pert, Nicholas"]
[Black "Howell, David Wl"]
[Result "1/2-1/2"]
[WhiteElo "2544"]
[BlackElo "2687"]
[Annotator "TA"]
[PlyCount "27"]
[EventDate "2018.07.28"]
[EventType "swiss"]
[EventCountry "GBR"]
[SourceTitle "playchess.com"]
[Source "ChessBase"]
[SourceQuality "1"]

{[%evp 24,27,28,20,35,23]} 1. d4 Nf6 2. Nf3 e6 3. c4 d5 4. Nc3 Bb4 5. cxd5 exd5 6. Qa4+ Nc6 7. Bg5 h6 8. Bxf6 Qxf6 9. e3 O-O 10. Be2 a6 {D38: Queen's Gambit Declined: Ragozin Defence (4 Nf3 Bb4)} (10... Be6 11. O-O a6 12. Rac1 Bd6 13. Qc2 Rfe8 14. Na4 Ne7 15. Nc5 Bxc5 16. Qxc5 c6 17. Qb6 Rab8 18. Qc7 Bg4 19. Rfe1 Bxf3 20. Bxf3 {½-½ (80) Dreev,A (2653)-Vachier Lagrave,M (2789) Riadh 2017}) 11. a3 Bxc3+ 12. bxc3 Be6 13. O-O {LiveBook: 11 Games} Rfd8 14. Rfb1 $146 ({Predecessor:} 14. Qc2 Bf5 15. Bd3 Bxd3 16. Qxd3 Qe6 17. Nd2 Na5 18. Rab1 b6 {½-½ (44) Ferster,F (2170)-Von Herman,U (2341) Kreuzberg 2016}) 1/2-1/2

[Event "105th British-ch 2018"]
[Site "Hull"]
[Date "2018.08.02"]
[Round "6"]
[White "Adair, James R"]
[Black "Murphy, Conor E"]
[Result "1-0"]
[WhiteElo "2492"]
[BlackElo "2336"]
[Annotator "TA"]
[PlyCount "95"]
[EventDate "2018.07.28"]
[EventType "swiss"]
[EventCountry "GBR"]
[SourceTitle "playchess.com"]
[Source "ChessBase"]
[SourceQuality "1"]

{[%evp 22,95,10,7,26,0,0,0,0,0,0,0,0,-1,34,33,43,43,41,34,34,19,142,135,157,0,0,0,0,0,0,0,17,18,31,0,140,140,130,131,146,121,128,103,172,173,168,164,173,147,178,129,214,241,216,175,382,366,353,353,352,325,305,281,837,812,1100,928,29995,29996,29996,29997,29997,29996,29998,29999]} 1. e4 e5 2. Nf3 Nc6 3. Bc4 Nf6 4. d3 Be7 5. O-O O-O 6. Re1 d6 7. a4 Na5 8. Ba2 {C55: Two Knights: 4 d3, 4 d4 exd4 5 e5 and Max Lange Attack} c5 9. Na3 Nc6 10. c3 h6 (10... a6 11. Nc2 h6 12. Ne3 Re8 13. h3 Bf8 14. Nd5 Rb8 15. Be3 Be6 {½-½ (43) Van Foreest,J (2629)-Harikrishna,P (2744) Riadh 2017}) 11. Nc4 Be6 12. Bd2 {LiveBook: 12 Games} a6 13. Ne3 Bxa2 14. Rxa2 d5 $146 15. exd5 Nxd5 16. Nc4 Nf4 17. Nfxe5 Nxe5 (17... Nxd3 $5 {[%cal Rc6e5]} 18. Nxc6 bxc6 $11) 18. Nxe5 Qd5 {[%csl Gf4][%cal Rd5g2] [#]} 19. Bxf4 Qxa2 20. Nd7 Rfe8 {And now ...Rad8 would win.} 21. Nb6 Rad8 (21... Bf8 $11 22. Nxa8 Qxa4) 22. Bc7 $16 Bg5 23. f4 $2 ({White should try} 23. Bxd8 $16 Rxe1+ 24. Qxe1 Bxd8 25. Nd7) 23... Bxf4 $11 24. Bxf4 Qxb2 25. Nd5 $1 Rxe1+ 26. Qxe1 Qc2 (26... Rxd5 $6 27. Qe8+ Kh7 28. Qe4+ Kg8 29. Qxd5 $16) 27. Bc7 $36 {[%mdl 2048] Black is under pressure.} Rf8 $1 ({Don't go for} 27... Rxd5 $2 28. Qe8+ Kh7 29. Qe4+ Kg8 30. Qxd5 $16) 28. Qe4 {Hoping for h3.} Qd1+ (28... c4 $11 {keeps the balance.}) 29. Kf2 $16 Qd2+ 30. Qe2 Qg5 {[#]} 31. c4 $1 b5 32. a5 bxc4 (32... Qf5+ $16 {might work better.} 33. Kg1 Qe6 34. Qxe6 fxe6) 33. dxc4 $18 Qf5+ 34. Bf4 {Ne7+ is the strong threat.} Kh7 35. g4 Qe6 36. Kf3 g5 (36... Qc6 $16 {is a better defense.} 37. Qe4+ Kh8) 37. Bg3 h5 38. Qe4+ Qxe4+ $2 (38... Kh6) 39. Kxe4 hxg4 40. Kf5 Kg7 41. Bd6 (41. Kxg4 Kg6 $16) ({Weaker is} 41. Kxg5 Re8 $18) 41... Rc8 42. Kxg5 Kh7 $2 (42... Re8 43. Ne7 (43. Kxg4 Re4+ 44. Kg5 Rxc4 $16) 43... Rd8 44. Bxc5 f6+ 45. Kxg4 Kf7) 43. Kf6 Re8 44. Kxf7 {Intending Nf6+ and mate.} Re2 45. Nf6+ {White mates.} Kh8 46. Bf8 {[%csl Gf7][%cal Rf8g7]} Re7+ 47. Bxe7 g3 48. Bf8 {Precision: White = 67%, Black = 42%.} 1-0

[Event "105th British-ch 2018"]
[Site "Hull"]
[Date "2018.08.02"]
[Round "6"]
[White "Fernandez, Daniel Howard"]
[Black "Bradbury, Neil H"]
[Result "1-0"]
[WhiteElo "2485"]
[BlackElo "2350"]
[Annotator "TA"]
[PlyCount "149"]
[EventDate "2018.07.28"]
[EventType "swiss"]
[EventCountry "GBR"]
[SourceTitle "playchess.com"]
[Source "ChessBase"]
[SourceQuality "1"]

{[%evp 9,149,11,-1,11,11,8,7,7,7,7,14,0,3,0,5,1,11,-16,16,0,18,5,7,-4,-4,-16,-9,-6,12,14,45,45,43,47,69,52,60,10,79,70,79,66,53,38,39,41,51,42,49,10,5,0,0,0,0,0,0,0,0,0,0,0,0,0,0,0,0,0,0,0,0,0,0,0,0,0,0,1,64,66,98,21,74,73,73,41,41,41,47,55,74,21,21,21,21,19,77,0,0,0,0,0,0,0,0,0,0,0,0,0,0,0,0,0,0,0,0,0,0,0,0,0,0,0,0,0,0,0,0,0,0,0,0,0,0,0,4,6,133,134,12845,975]} 1. d4 Nf6 2. Nf3 e6 3. Bf4 b6 (3... d5 4. e3 c5 5. Nbd2 Nc6 6. Bb5 Bd7 7. c3 Be7 8. h3 O-O 9. Bd3 b5 10. dxc5 b4 11. c4 dxc4 12. Bxc4 Bxc5 13. Nb3 {1-0 (48) Le,Q (2737)-Kasimdzhanov,R (2683) Riadh 2017}) 4. h3 Ba6 5. Nbd2 d5 6. c4 {A46: 1 d4 Nf6 2 Nf3 e6: Torre, London and Colle Systems} Bd6 $146 ({Predecessor:} 6... dxc4 7. e4 b5 8. Be2 Bb4 9. O-O Bxd2 10. Qxd2 Nxe4 11. Qa5 {1-0 (42) Donmez,Y (2063)-Ertan,C (2281) Antalya 2013}) 7. Bxd6 Qxd6 8. Qa4+ {The position is equal.} c6 9. e3 {[#] c5 is the strong threat.} Bb7 10. Rc1 O-O 11. cxd5 exd5 12. Ne5 c5 13. Ndf3 cxd4 14. exd4 Ne4 15. Be2 f6 16. Nd3 Nc6 17. O-O Rfe8 18. Rc2 Na5 19. Rfc1 Re7 20. b3 Rae8 21. Bf1 Re6 22. Nc5 Bc6 $1 {[%cal Rc6a4]} 23. Bb5 (23. Qb4 {looks sharper.} R6e7 24. Na6 Qd7 25. Bd3 Nd6 26. Qd2) 23... bxc5 (23... Bxb5 $11 24. Qxb5 R6e7) 24. Qxa5 $16 {[%cal Rd4c5]} Bxb5 25. Qxb5 {[%cal Rd4c5]} cxd4 26. Nxd4 Nc3 $1 {[%cal Rc3b5]} 27. Qf1 Re4 28. Nf5 Qe5 {[#] aiming for ...Ne2+.} 29. Nxg7 Rc8 $132 {[%mdl 2048] Black is not keeping still} 30. Nh5 {Strongly threatening Ng3.} Ne2+ $1 31. Rxe2 Rxc1 32. Qxc1 Rxe2 $11 {[%mdl 4096] Endgame KQR-KQN} 33. Qc8+ Kf7 {[%cal Re2e1]} 34. Qd7+ Qe7 $1 {[%cal Re7d7]} 35. Qxd5+ Qe6 36. Qb7+ Qe7 37. Qd5+ Qe6 38. Qb7+ Qe7 39. Qa6 Re1+ 40. Kh2 Qe5+ 41. Ng3 Qc5 42. Qb7+ Kg6 43. Qf3 Qe5 (43... h5 $11) 44. Qg4+ $14 Kf7 45. Qd7+ (45. Qc4+ $16 Qe6 46. Qd3) 45... Qe7 (45... Kg6 $11 {remains equal.}) 46. Qf5 $16 Kg8 47. b4 Qe6 {Threatening ...Qxf5.} 48. Qf3 a6 49. Qa8+ Kf7 50. Qb7+ ({White should try} 50. Qh8 $16) 50... Kg6 $11 51. Qf3 Re5 52. Qd3+ f5 (52... Kg7 $11) 53. f4 (53. Qf3 $16) 53... Rd5 54. Qf3 Kg7 55. a4 h6 56. Qb3 Qd7 57. Qc3+ Kg6 58. Qh8 Qe6 59. h4 Kf7 {Hoping for ...Qf6.} 60. Qh7+ Ke8 61. Qb7 Rd7 62. Qc8+ Kf7 63. b5 axb5 64. axb5 Rd3 65. Qc7+ Rd7 66. Qc2 Rd5 67. Qb3 Rd6 68. Qb1 Rd4 69. Qc2 Rc4 70. Qd2 Rc5 71. Qd3 Qd5 72. Qe2 Rxb5 73. Qh5+ Kg7 (73... Kf8 $11 {keeps the balance.}) 74. Qe8 $16 {[%mdl 1024] Black must now prevent Nh5+. White has strong compensation.} Rb7 $2 {[%mdl 8192]} (74... Rb6 $16) 75. Nh5+ {Precision: White = 63%, Black = 59%.} 1-0

[Event "105th British-ch 2018"]
[Site "Hull"]
[Date "2018.08.02"]
[Round "6"]
[White "Tan, Justin Hy"]
[Black "Ward, Chris G"]
[Result "1/2-1/2"]
[WhiteElo "2481"]
[BlackElo "2434"]
[Annotator "TA"]
[PlyCount "126"]
[EventDate "2018.07.28"]
[EventType "swiss"]
[EventCountry "GBR"]
[SourceTitle "playchess.com"]
[Source "ChessBase"]
[SourceQuality "1"]

{[%evp 9,126,0,17,2,8,-2,-5,2,0,-7,6,-8,7,0,0,0,0,0,0,0,0,0,0,0,0,0,0,0,0,-11,0,0,0,0,0,0,0,-8,0,-18,0,0,6,0,0,-7,69,77,69,101,88,93,97,63,75,11,18,8,77,84,81,0,269,279,275,263,241,241,241,0,86,0,221,209,85,52,41,73,77,71,44,0,0,0,0,0,0,0,0,0,0,0,0,0,0,0,0,0,0,0,0,0,0,0,0,0,0,0,0,0,0,0,0,0,0,0,0,0,0]} 1. e4 c5 2. Nf3 g6 3. c3 d5 4. e5 Nc6 5. h3 (5. d4 Bg4 6. Bb5 Qb6 7. Qa4 Bxf3 8. dxc5 Qc7 9. gxf3 e6 10. Be3 Nge7 11. f4 Nf5 {½-½ (59) Sethuraman,S (2646)-Guseinov,G (2646) Riadh 2017}) 5... d4 6. Bc4 $146 {B27: Sicilian: 2 Nf3, unusual Black 2nd moves} ({Predecessor:} 6. Bb5 Bd7 7. Qe2 Bg7 8. O-O Nh6 9. Na3 O-O 10. d3 a6 11. Bc4 Na5 12. cxd4 cxd4 {½-½ (25) Pavlidis,A (2420)-Mastrovasilis,A (2537) Kavala 2011}) 6... Bg7 7. Qe2 e6 8. O-O Nge7 9. d3 O-O 10. Re1 h6 11. Nbd2 Nf5 12. Ne4 dxc3 13. bxc3 Nxe5 14. Nxe5 Bxe5 15. g4 Nd6 16. Nxd6 Bxd6 17. Bxh6 Re8 18. Qe3 Bd7 19. Rad1 Qf6 20. d4 {Black must now prevent Bg5.} Rac8 21. Bg5 Qh8 {Black wants to play ...cxd4.} 22. Bf1 Ba4 23. Rd2 Bf8 24. Qf4 cxd4 25. cxd4 Bc6 $132 {[%mdl 2048] Black is not keeping still} ({Don't take} 25... Bb4 26. Rde2 $17) 26. Bf6 Bg7 27. g5 {[%cal Bg4g5,Bg5f6][%mdl 32]} Bd5 (27... Bxf6 $11 28. gxf6 Red8) 28. Rd3 $14 Bc4 ({Of course not} 28... Bxa2 $6 29. Bxg7 Qxg7 30. Ra3 $11) 29. Rg3 Bxf1 (29... Bxa2 30. Rg4 $18) 30. Kxf1 Bxf6 31. gxf6 {Rg4 is the strong threat.} Red8 32. Kg2 ({White should try} 32. Re5 $1 $16) 32... Rd5 $1 $11 {[%cal Rd5f5] And now ...Rf5 would win.} 33. Re5 {Hoping for Rxd5.} Rxe5 (33... Rcd8 $1 $11 {keeps the balance.}) 34. dxe5 {[%mdl 4096] Endgame KQR-KQR} Qh5 35. Rg4 (35. Qe4 $16) 35... Rc3 $2 {[%mdl 8192] [#]} (35... b5 $1 $11) 36. Rh4 $1 $18 {[%cal Rh4h5]} g5 37. Rxh5 gxf4 {KR-KR} 38. Rg5+ Kh8 39. Rh5+ $2 (39. Rg7 $18) 39... Kg8 $16 {[#]} 40. Rg5+ (40. h4 $1 $16) 40... Kh8 $1 $18 41. Rg7 Rc7 42. a4 b6 43. Kf3 a6 44. Kxf4 b5 45. axb5 axb5 {The position is equal.} 46. Rg3 b4 47. Rb3 Rb7 $1 48. Kg5 Kh7 49. f3 Rb8 50. f4 Rg8+ 51. Kh5 Rb8 52. Kg5 Rg8+ 53. Kh4 Rb8 54. Kh5 Rb7 55. Kg5 Rb8 56. f5 exf5 57. Kxf5 Rb5 58. Ke4 Kh6 59. h4 Kh7 60. Kf4 Kh6 61. Kf5 Kh7 62. Ke4 Kh6 63. Kf4 Kh7 {Precision: White = 58%, Black = 74%.} 1/2-1/2

[Event "105th British-ch 2018"]
[Site "Hull"]
[Date "2018.08.02"]
[Round "6"]
[White "Wells, Peter K"]
[Black "Kalavannan, Koby"]
[Result "1/2-1/2"]
[WhiteElo "2426"]
[BlackElo "2277"]
[Annotator "TA"]
[PlyCount "98"]
[EventDate "2018.07.28"]
[EventType "swiss"]
[EventCountry "GBR"]
[SourceTitle "playchess.com"]
[Source "ChessBase"]
[SourceQuality "1"]

{[%evp 26,98,83,52,63,50,104,78,83,82,72,72,119,30,60,44,83,34,41,39,35,36,56,55,60,54,56,62,56,56,55,68,75,64,69,63,70,81,79,87,113,109,210,77,104,84,87,83,85,73,81,33,64,71,83,74,94,82,78,47,33,0,42,42,43,42,41,46,101,0,0,0,0,0,74]} 1. e4 {[%cal Be2e4,Be4e5][%mdl 32]} c5 2. Nf3 Nc6 3. c3 Nf6 4. e5 Nd5 5. Bc4 Nb6 6. Bb3 d5 7. exd6 Qxd6 8. Na3 Be6 9. d4 cxd4 10. Nb5 {B22: Sicilian: 2 c3} Qd7 11. Bxe6 Qxe6+ 12. Be3 Qd7 13. Nbxd4 Nxd4 14. Bxd4 {LiveBook: 4 Games} ({But not} 14. cxd4 e6 $15) 14... Qe6+ 15. Be3 {[#]} Nd5 $146 ({Black should try} 15... Nc4 $14) ({Predecessor:} 15... Rd8 16. Qb3 Nc4 17. Nd4 Qa6 {0-1 (46) Sevillano,E (2490)-Bykhovsky,A (2521) Lubbock 2011}) 16. O-O Nxe3 17. fxe3 f6 18. Nd4 Qc4 19. Qh5+ (19. Qf3 $16) 19... g6 $11 20. Qf3 Bh6 21. Nf5 gxf5 22. Qh5+ Qf7 23. Qxh6 Qg6 24. Qf4 O-O-O 25. Qxf5+ Qxf5 26. Rxf5 $14 {[%mdl 4096] Endgame KRR-KRR} Rd2 27. Rf2 $1 {[%cal Rf2d2]} Rhd8 28. Re1 $1 Kc7 29. g3 R8d3 30. Ree2 Rd1+ 31. Kg2 Kd6 32. Rf4 R1d2 33. Kf2 Ke5 (33... Rd1 $16) 34. g4 (34. Rh4 $18 {and White stays clearly on top.}) 34... e6 35. Rd4 Rd1 36. Kf3 Rf1+ 37. Rf2 Rdd1 38. a4 Rxf2+ 39. Kxf2 {KR-KR} Rh1 40. Kg2 Re1 41. Kf3 Rf1+ 42. Kg3 (42. Ke2 $5 {[%cal Re2f1]} Rh1 43. Kd3 $14) 42... Rg1+ 43. Kf2 Rh1 $1 44. Rb4 b6 45. Rb5+ Ke4 46. Rh5 Rb1 (46... a5 $14) 47. Rxh7 ({White should play} 47. b4 $16) 47... Rxb2+ $11 {The position is equal.} 48. Kg3 Re2 49. Rxa7 Ke5 {Precision: White = 58%, Black = 56%.} (49... Rxe3+ $11 {remains equal.} 50. Kh4 Rxc3) 1/2-1/2

[Event "105th British-ch 2018"]
[Site "Hull"]
[Date "2018.08.02"]
[Round "6"]
[White "Hebden, Mark"]
[Black "Gormally, Daniel"]
[Result "1-0"]
[WhiteElo "2423"]
[BlackElo "2478"]
[Annotator "TA"]
[PlyCount "112"]
[EventDate "2018.07.28"]
[EventType "swiss"]
[EventCountry "GBR"]
[SourceTitle "playchess.com"]
[Source "ChessBase"]
[SourceQuality "1"]

{[%evp 24,112,26,10,25,33,13,0,41,44,28,34,47,41,122,47,50,45,52,20,39,41,26,29,39,-7,25,18,31,15,20,0,0,0,0,0,0,0,9,9,9,9,237,156,121,172,273,262,356,306,260,310,251,208,377,316,397,379,378,239,268,319,324,364,349,339,286,310,295,254,596,596,596,137,137,137,306,306,306,306,567,487,638,137,878,789,4802,1495,1456,1341,804]} 1. d4 d5 2. Nf3 Nf6 3. c4 e6 4. Bg5 Be7 5. Nc3 h6 6. Bh4 O-O 7. e3 Nbd7 8. Rc1 c6 9. Bd3 dxc4 10. Bxc4 b5 11. Bd3 Bb7 12. O-O a6 13. a4 {LiveBook: 29 Games} Re8 {D66: Queen's Gambit Declined: Classical: Main Line (7 Rc1 c6 8 Bd3)} 14. Qe2 Qa5 15. Rfd1 Rac8 {The position is equal.} 16. Ne5 $146 ({Predecessor:} 16. e4 b4 17. e5 bxc3 18. exf6 Nxf6 19. Bxf6 Bxf6 20. bxc3 c5 21. Bc2 cxd4 22. cxd4 {0-1 (58) Vasiljev,J (2099)-Coenen,M (2435) Goch 2015}) 16... Nxe5 17. dxe5 Nd5 {[#] White must now prevent ...Nxc3.} 18. Nxd5 exd5 (18... cxd5 $14 19. Rxc8 Bxc8 20. Bxe7 Rxe7) 19. Bxe7 (19. Bg3 $16) 19... Rxe7 $14 20. axb5 axb5 21. f4 c5 22. Bf5 Rcc7 23. h4 Qb6 24. Bg4 f6 25. e6 Rxe6 26. Bxe6+ Qxe6 27. b4 c4 28. Rd4 Re7 29. Kf2 Qd6 30. Qd2 f5 31. Ra1 Qf6 32. g3 {[%cal Bg2g3,Bg3f4][%mdl 32]} g5 $2 (32... Qg6 $11 {and Black has nothing to worry.}) 33. hxg5 $18 hxg5 34. Rh1 gxf4 (34... g4 $142 35. Qe1 Kf7) 35. gxf4 Rh7 36. Qc1 Rh4 37. Ke2 Rg4 38. Qf1 Rh4 $2 (38... Kf8 {was necessary.} 39. Qh3 Ke7) 39. Kd2 Kf7 40. Rxh4 Qxh4 {[%mdl 4096] Endgame KQR-KQB} 41. Qg1 Qe7 42. Kc3 Bc6 43. Qe1 Ke8 44. Kb2 Kd7 45. Qc3 Kc7 46. Ka3 Qh4 $2 (46... Kb7 {is more resistant.} 47. Rd2 Qh7) 47. Rd1 Qh2 48. Qd2 $2 (48. Qb2 $18 Qxb2+ 49. Kxb2) 48... Qh8 $16 49. Rg1 Qa8+ $2 (49... Bd7 $16 50. Qd4 Qxd4 51. exd4 Be6 52. Rg7+ Kd6) 50. Kb2 $18 Qh8+ {[#]} 51. Kb1 $1 Qf8 $2 (51... c3 {was called for.} 52. Qd4 Qxd4 53. exd4 Be8 54. Rg7+ Kd6) 52. Kc1 Kb7 53. Rh1 $2 (53. Qd4 $18 {and White stays clearly on top.}) 53... Qe7 $2 {[%mdl 8192]} (53... Qg7 $16 54. Qd4 Qxd4 55. exd4 Bd7) 54. Qd4 {White is clearly winning.} Ka6 55. Kc2 {White wants to mate with Ra1+.} Kb7 56. Kc3 Qf7 {Precision: White = 63%, Black = 27%.} 1-0

[Event "105th British-ch 2018"]
[Site "Hull"]
[Date "2018.08.02"]
[Round "6"]
[White "Palliser, Richard Jd"]
[Black "Mcshane, Luke J"]
[Result "0-1"]
[WhiteElo "2418"]
[BlackElo "2669"]
[Annotator "TA"]
[PlyCount "78"]
[EventDate "2018.07.28"]
[EventType "swiss"]
[EventCountry "GBR"]
[SourceTitle "playchess.com"]
[Source "ChessBase"]
[SourceQuality "1"]

{[%evp 14,78,29,26,50,43,51,35,58,58,53,50,52,52,37,32,43,0,0,0,0,0,0,-18,-18,-30,-18,-29,0,-46,-32,-77,-73,-79,-57,-71,-68,-184,-117,-104,-111,-145,-141,-162,-155,-196,-197,-196,-196,-196,-196,-196,-195,-195,-195,-383,-379,-386,-369,-394,-372,-408,-403,-393,-363,-497,-481]} 1. d4 Nf6 2. c4 e6 3. Nc3 Bb4 4. Qc2 d5 5. cxd5 Qxd5 6. e3 {[%cal Be2e3,Be3e4][%mdl 32]} c5 7. Bd2 Bxc3 8. Bxc3 {LiveBook: 180 Games} Nbd7 {E34: Nimzo-Indian: Classical: 4...d5} (8... cxd4 9. Bxd4 Nc6 10. Bc3 O-O 11. Nf3 Rd8 12. Be2 Qe4 13. Rc1 Qxc2 14. Rxc2 Nd5 15. Ne5 Bd7 16. Nxc6 Bxc6 17. Bd2 Ne7 18. f3 {½-½ (38) Mamedyarov,S (2804)-Carlsen,M (2834) Wijk aan Zee 2018}) 9. Ne2 $146 ({Predecessor:} 9. Nf3 O-O 10. Be2 cxd4 11. Bxd4 e5 12. Bc3 b6 13. Bb4 Nc5 14. Rd1 Qe6 15. Bxc5 bxc5 16. Qxc5 Qxa2 17. Qxe5 Ba6 18. Bxa6 {½-½ (18) Karr,J (2364)-Lepelletier,B (2450) France 2004}) 9... b6 10. f3 O-O {White is slightly better.} 11. e4 Qc6 12. dxc5 Qxc5 13. Qd2 Qe7 14. O-O-O Ba6 15. g4 Rfd8 16. Nd4 Bb7 $1 17. Be2 Nc5 18. Rhg1 Rac8 19. g5 Nh5 {[%cal Bf6h5,Bh5f4,Bf4e2][%mdl 32]} 20. Kb1 Qc7 {[#] And now ...e5 would win.} (20... g6 $5 {[%cal Re6e5]} 21. e5 Ng7 $11) 21. Qe3 Qxh2 22. Bb5 a6 $36 {[%mdl 2048] White is under strong pressure.} 23. Bc6 Qf4 24. Qxf4 Nxf4 25. b4 {[#]} (25. Rd2 $15) 25... Bxc6 ({Better is} 25... Nh3 $1 $19 26. Rgf1 (26. bxc5 Nxg1 27. Bxb7 Rxc5 $17) 26... Bxc6 27. Nxc6 Rxd1+ 28. Rxd1 Na4) 26. Nxc6 $17 Re8 {White must now prevent ...Ncd3.} 27. bxc5 {Strongly threatening Rd6.} Rxc6 28. Bd2 Ne2 29. Rge1 Nd4 30. Be3 bxc5 31. Bxd4 cxd4 32. Rxd4 $19 {[%mdl 4096] Endgame KRR-KRR} Rb8+ 33. Ka1 g6 34. Rb1 $2 (34. Ra4) 34... Rxb1+ 35. Kxb1 Kg7 36. e5 h6 37. gxh6+ Kxh6 38. Kb2 Rc5 39. f4 g5 {Precision: White = 46%, Black = 86%.} 0-1

[Event "105th British-ch 2018"]
[Site "Hull"]
[Date "2018.08.02"]
[Round "6"]
[White "Houska, Jovanka"]
[Black "Webb, Laurence"]
[Result "1/2-1/2"]
[WhiteElo "2406"]
[BlackElo "2306"]
[Annotator "ChessBase"]
[PlyCount "89"]
[EventDate "2018.07.28"]
[EventType "swiss"]
[EventCountry "GBR"]
[SourceTitle "playchess.com"]
[Source "ChessBase"]
[SourceQuality "1"]
[TimeControl "40/5400+30:1800+30"]

1. Nf3 {[%emt 0:00:00]} d5 {[%emt 0:01:10]} 2. c4 {[%emt 0:00:11]} e6 {[%emt 0:00:11]} 3. g3 {[%emt 0:00:36]} Nf6 {[%emt 0:00:51]} 4. Bg2 {[%emt 0:00:18]} c6 {[%emt 0:01:23]} 5. b3 {[%emt 0:01:58]} Nbd7 {[%emt 0:01:40]} 6. Bb2 {[%emt 0:01:11]} Bd6 {[%emt 0:04:14]} 7. d4 {[%emt 0:01:24]} Ne4 {[%emt 0:02:48]} 8. O-O {[%emt 0:01:11]} O-O {[%emt 0:01:20]} 9. Nfd2 {[%emt 0:03:20]} f5 {[%emt 0:05:59]} 10. e3 {[%emt 0:05:40]} Ndf6 {[%emt 0:03:59]} 11. Nc3 {[%emt 0:19:38]} Qe7 12. Ne2 {[%emt 0:00:00]} Bd7 {[%emt 0:12:03]} 13. Nf3 {[%emt 0:04:56]} Be8 {[%emt 0:06:58]} 14. Ne5 {[%emt 0:03:50]} Nd7 {[%emt 0:03:26]} 15. f3 {[%emt 0:03:09]} Nef6 {[%emt 0:01:08]} 16. Nf4 {[%emt 0:01:39]} a5 {[%emt 0:10:18]} 17. Qc2 {[%emt 0:03:29]} g5 {[%emt 0:01:52]} 18. Nfd3 {[%emt 0:01:09]} Bg6 {[%emt 0:02:56]} 19. Nxg6 {[%emt 0:03:21]} hxg6 {[%emt 0:00:02]} 20. Nf2 {[%emt 0:00:28]} e5 {[%emt 0:14:22]} 21. e4 {[%emt 0:02:06]} dxe4 {[%emt 0:00:32]} 22. fxe4 {[%emt 0:00:04]} f4 {[%emt 0:00:41]} 23. c5 {[%emt 0:02:08]} Bc7 {[%emt 0:00:45]} 24. Nd3 {[%emt 0:00:03]} Ng4 {[%emt 0:04:21]} 25. Rf3 {[%emt 0:13:17]} exd4 {[%emt 0:04:45]} 26. gxf4 {[%emt 0:00:09]} gxf4 {[%emt 0:02:16]} 27. Qc4+ {[%emt 0:11:10]} Qf7 {[%emt 0:01:23]} 28. Qxd4 {[%emt 0:01:33]} Be5 {[%emt 0:02:17]} 29. Nxe5 {[%emt 0:00:06]} Ndxe5 {[%emt 0:01:12]} 30. Raf1 {[%emt 0:03:31]} g5 {[%emt 0:03:21]} 31. Kh1 {[%emt 0:04:37]} Rad8 {[%emt 0:02:14]} 32. Qc3 {[%emt 0:00:06]} Ng6 {[%emt 0:01:52]} 33. Bh3 {[%emt 0:03:00]} N4e5 {[%emt 0:00:43]} 34. Bf5 {[%emt 0:00:32]} Rfe8 {[%emt 0:01:06]} 35. Rg1 {[%emt 0:01:25]} Qf6 {[%emt 0:01:26]} 36. Bxg6 {[%emt 0:01:40]} Qxg6 {[%emt 0:00:19]} 37. Rxf4 {[%emt 0:00:02]} Rd3 {[%emt 0:01:09]} 38. Qc2 {[%emt 0:00:46]} Rh3 {[%emt 0:01:08]} 39. Rf5 {[%emt 0:01:44]} Nf7 {[%emt 0:00:42]} 40. Qc4 {[%emt 0:00:49]} Rh5 {[%emt 0:00:27]} 41. Rgf1 {[%emt 0:30:48]} Re7 {[%emt 0:03:30]} 42. Qd4 {[%emt 0:00:00]} Rh4 {[%emt 0:11:47]} 43. Qd8+ {[%emt 0:00:00]} Nxd8 {[%emt 0:00:28]} 44. Rf8+ {[%emt 0:00:00]} Kh7 {[%emt 0:00:07]} 45. Rh8# {[%emt 0:00:04]} 1/2-1/2